000 00609nam a2200241 a 4500
001 0001-1105
003 ELIB.Books
008 150123 2010 eng
020 _a0831400315
035 _a(ELIB.Books)0001-1260
092 _a301.42
_bSat
100 _aSatir, Virginia.
245 _aPeoplemaking
260 _aPalo Alto
_bScience and Behavior Books, Inc.
_c1972
300 _a304
_c23 Cm
500 _aDr. Yahalaylayla
650 _aFamily/ Wife
856 _nKBTS; Library
_uKBTS; Elib.
942 _2ddc
_cBK
990 _a1
998 _cbat
_e2015-01-23
999 _c11105
_d11105